KOHA-Header-6

Salaris Implementation a Guide for System Adminintration (Record no. 6303)

000 -LEADER
fixed length control field 00298nam a2200109Ia 4500
100 ## - MAIN ENTRY--AUTHOR NAME
Personal name Morris, Slattery
245 #0 - TITLE STATEMENT
Title Salaris Implementation a Guide for System Adminintration
260 ## - PUBLICATION, DISTRIBUTION, ETC. (IMPRINT)
Place of publication New York
Name of publisher Prentice Hall
Year of publication 1995
300 ## - PHYSICAL DESCRIPTION
Number of Pages 345
942 ## - ADDED ENTRY ELEMENTS (KOHA)
Koha item type Books
Holdings
Withdrawn status Lost status Collection code Permanent Location Current Location Shelving location Date acquired Full call number Accession Number Koha item type
    Computer Science MAJU MAJU   2019-09-07 658.16 118 Computer Science

Powered by Koha